Szczegóły MARC21

Słownik myśli filozoficznej : [filozofia] /

003 -Nazwa inst., której nr kontr. jest w polu 001 [,]
    • @
    • Nazwa instytucji, której n kontrolny jest w polu 001
    • NUKAT
005 -DATA I CZAS OSTATNIEJ MODYFIKACJI [,]
    • @
    • pole kontrolne
    • 20241231085546.0
020 -Międzynarod. znormalizowany nr książki - ISBN [ , ]
    • a
    • Numer ISBN
    • 8372661731 Find
040 -Instytucja sporządzająca opis [ , ]
    • a
    • Instytucja, która sporządziła opis (NP)
    • KR 93/MD
    • c
    • Instytucja, która sporządziła rekord (NP)
    • KR 93/MD
    • d
    • Instytucja, która zmodyfikowała rekord (P)
    • KR 93/ZP
    • d
    • Instytucja, która zmodyfikowała rekord (P)
    • KR 93/BJs
    • d
    • Instytucja, która zmodyfikowała rekord (P)
    • LUBL KUL/GWs
    • d
    • Instytucja, która zmodyfikowała rekord (P)
    • KR 122/TZ
    • d
    • Instytucja, która zmodyfikowała rekord (P)
    • WR O/JG
    • d
    • Instytucja, która zmodyfikowała rekord (P)
    • KR U/42MM
    • d
    • Instytucja, która zmodyfikowała rekord (P)
    • KR U/42AKs
942 -Rodzaj dokumentu [ , ]
    • c
    • Rodzaj dokumentu
    • Książka
245 -Strefa tytułu i oznaczenia odpowiedzialności [0,0]
    • a
    • Tytuł
    • Słownik myśli filozoficznej : Find
    • b
    • Ciąg dalszy tytułu (NP)
    • [filozofia] / Find
    • c
    • Pozostałe elementy strefy tytułu i oznaczenia odpowiedzialności (NP)
    • Michał Kuziak [et al.].
246 -Wariant tytułu [1,8]
    • a
    • Tytuł (NP)
    • Filozofia
260 -Strefa adresu wydawniczego [ , ]
    • a
    • Miejsce wydania (P)
    • Bielsko-Biała :
    • b
    • Nazwa wydawcy (P)
    • Park,
    • c
    • Data wydania (P)
    • 2004.
300 -Strefa opisu fizycznego [ , ]
    • a
    • Określenie formy książki i/lub objętość (NP)
    • 511 s. :
    • b
    • Oznaczenie ilustracji (NP)
    • il. ;
    • c
    • Format (NP)
    • 25 cm.
336 -Typ zawartości [ , ]
    • a
    • Termin opisujący typ zawartości
    • Tekst
    • b
    • Kod określający zawartość
    • txt
    • 2
    • Źródło (terminu i kodu)
    • rdacontent
337 -Typ mediów [ , ]
    • a
    • Tryb odtwarzania
    • Bez urządzenia pośredniczącego
    • b
    • Kod typu mediów
    • n
    • 2
    • Źródło (terminu i kodu)
    • rdamedia
338 -Typ/rodzaj nośnika [ , ]
    • a
    • Hasło opisujące typ nośnika
    • Wolumin
    • b
    • Kod typu nośnika
    • nc
    • 2
    • Źródło (terminu i kodu)
    • rdacarrier
504 -Uwaga dot. bibliogr. załącznikowej [ , ]
    • a
    • Uwaga dot. bibliografii załącznikowej
    • Bibliogr. przy rozdz. Indeksy.
080 -Uniwersalna Klasyfikacja Dziesiętna [ , ]
    • a
    • Symbol klasyfikacji
    • 1(091)(07)
650 -Hasło przedmiotowe [ ,7]
    • a
    • Hasło przedmiotowe
    • Filozofia
    • v
    • Określnik formalny
    • encyklopedie.
    • 2
    • Źródło terminu
    • kaba
    • 9
    • KHW
    • 442672
650 -Hasło przedmiotowe [ ,7]
    • a
    • Hasło przedmiotowe
    • Filozofia
    • x
    • Określnik rzeczowy
    • historia
    • v
    • Określnik formalny
    • podręczniki.
    • 2
    • Źródło terminu
    • kaba
    • 9
    • KHW
    • 352324
980 -Symbol UKD [ , ]
    • a
    • UKD
    • 1(091)(07)
700 -Hasło dodatkowe - nazwa osobowa [1, ]
    • a
    • Nazwa osobowa (NP)
    • Kuziak, Michał Find
    • d
    • Daty biograficzne (NP)
    • (1970- ).
    • 9
    • KHW
    • 512974
920 -ISBN [ , ]
    • a
    • ISBN
    • 83-7266-173-1 Find
Lokalizacja Data inwentaryzacji Status udost. Numer inwentarzowy Sygnatura
BG2005-10-191Z.105294Z.105294
BNS2022-04-011H.36463